Language Quiz

Random Language or Letter Quiz

Unique Last 3 letters Quiz Stats

 Plays Quiz Updated Mar 12, 2020

Support Sporcle.
Go Orange.
Score 0/25 Timer 07:00
2 Plays Today
Length % Correct
5 lettersFIFTH
95.5%
5 lettersANGST
84.3%
5 lettersCOMFY
80.4%
5 lettersDOUBT
79.2%
5 lettersDEPTH
76.6%
6 lettersAVENUE
66.2%
6 lettersGOSSIP
57.1%
9 lettersPAPARAZZI
54.2%
6 lettersQUARTZ
53.7%
7 lettersPHARAOH
46.7%
6 lettersSTEREO
42.2%
8 lettersMEATLOAF
38.6%
9 lettersSPIDERWEB
37.5%
Length % Correct
6 lettersGROOVY
35.1%
9 lettersBUTTERCUP
34.8%
7 lettersSNORKEL
33.1%
7 lettersDISOBEY
32.7%
7 lettersTHRIFTY
32.5%
7 lettersCONFIRM
32.4%
9 lettersBARRACUDA
30.2%
8 lettersHEDGEHOG
25.6%
8 lettersBANKRUPT
11.4%
8 lettersSTRATEGY
10.8%
8 lettersALLELUIA
4.7%
9 lettersEYESHADOW
1.9%

From the Vault

'The Hunger Games' Start to Finish

by Thebiguglyalien

Movies 4m
Will you volunteer as tribute?
Remove Ads.
Support Sporcle.
Get the best of Sporcle when you Go Orange. This ad-free experience offers more features, more stats, and more fun while also helping to support Sporcle. Thank you for becoming a member.

Show Comments

Extras

Top Quizzes Today


Score Distribution

Your Account Isn't Verified!

In order to create a playlist on Sporcle, you need to verify the email address you used during registration. Go to your Sporcle Settings to finish the process.

Report this User

Report this user for behavior that violates our Community Guidelines.

Details: